Welsh Development Agency (Record no. 119575)

MARC details
000 -LEADER
fixed length control field 00708cam a2200181 4500
001 - CONTROL NUMBER
control field WS107641
008 - FIXED-LENGTH DATA ELEMENTS--GENERAL INFORMATION
fixed length control field 000000n 000 0 eng u
035 ## - SYSTEM CONTROL NUMBER
System control number (Sirsi) u107641
110 ## - MAIN ENTRY--CORPORATE NAME
Corporate name or jurisdiction name as entry element Welsh Development Agency
9 (RLIN) 2230
245 ## - TITLE STATEMENT
Title Welsh Development Agency
520 ## - SUMMARY, ETC.
Summary, etc. Home page for the WDA which was set up to help companies investing in Wales to grow and prosper in a competitive environment. Includes details of regional initiatives, business services, relocation services and capital programmes.
650 ## - SUBJECT ADDED ENTRY--TOPICAL TERM
Topical term or geographic name entry element WALES
650 ## - SUBJECT ADDED ENTRY--TOPICAL TERM
Topical term or geographic name entry element RELOCATION
650 ## - SUBJECT ADDED ENTRY--TOPICAL TERM
Topical term or geographic name entry element GRANTS
690 ## - LOCAL SUBJECT ADDED ENTRY--TOPICAL TERM (OCLC, RLIN)
Topical term or geographic name as entry element LOCAL GOVERNMENT
856 40 - ELECTRONIC LOCATION AND ACCESS
Uniform Resource Identifier <a href="https://www.wda.co.uk">https://www.wda.co.uk</a>
Public note View the website free of charge at www.wda.co.uk...
942 ## - ADDED ENTRY ELEMENTS (KOHA)
Suppress in OPAC 0
Holdings
Withdrawn status Lost status Source of classification or shelving scheme Damaged status Not for loan Home library Current library Shelving location Date acquired Total Checkouts Full call number Barcode Date last seen Copy number Price effective from Koha item type
    Dewey Decimal Classification     Virtual Virtual Online 08/08/2000   WEB SITE 107641-2001 06/08/2019 1 06/08/2019 Online material